| 000 | 00860nam a2200241 a 4500 | ||
|---|---|---|---|
| 003 | OSt | ||
| 005 | 20240312152617.0 | ||
| 008 | |||
| 020 | _a9780080446868 (paperback) | ||
| 040 |
_cNUST _aNUST _beng _dNUST _erda |
||
| 050 | _aREF RC660. A2 DIA | ||
| 245 | 0 |
_aDiabetes : _bbest practice & research compendium/ _cedited by Anthony H. Barnett. |
|
| 260 |
_aEdinburgh : _bElsevier, _c2006. |
||
| 300 |
_axii, 275 pages. : _bcoloured illustrations : _c28 cm. |
||
| 336 |
_2rdacontent _atext _btxt |
||
| 337 |
_2rdamedia _aunmediated _bn |
||
| 338 |
_2rdacarrier _avolume _bnc |
||
| 504 | _aIncludes bibliographical references. | ||
| 650 | _aDiabetes. | ||
| 700 |
_aBarnett, Anthony H. _eEditor |
||
| 907 |
_a.b10287127 _b17-09-12 _c12-11-10 |
||
| 942 |
_cBOOKS _kREF RC660.A2 _mDIA _2lcc _hREF RC660. A2 DIA _n0 |
||
| 999 |
_c115996 _d115996 |
||